Pays le plus médaillé par discipline aux Jeux Olympiques d'été - Statistiques

Statistiques générales
  • Ce quiz a été pris 192 fois
  • Le résultat moyen est 34 sur 39
Statistiques - réponses
Discipline Pays médaillé % Correct
Athlétisme États-Unis
100%
Aviron États-Unis
100%
Basketball États-Unis
100%
Boxe États-Unis
100%
Golf États-Unis
100%
Lutte États-Unis
100%
Natation États-Unis
100%
Plongeon États-Unis
100%
Softball États-Unis
100%
Tir États-Unis
100%
Badminton Chine
99%
Tennis de table Chine
99%
Haltérophilie Chine / URSS
99%
Escalade Japon
98%
Judo Japon
98%
Skateboard Japon
98%
Équitation Allemagne
92%
Football Allemagne
92%
Handball Russie
92%
Natation artistique Russie
92%
Cyclisme Grande-Bretagne
90%
Polo Grande-Bretagne
90%
Tennis Grande-Bretagne
90%
Tir à la corse Grande-Bretagne
90%
Triathlon Grande-Bretagne
90%
Voile Grande-Bretagne
90%
Beachvolley Brésil
89%
Escrime Italie
87%
Taekwondo Corée du Sud
85%
Tir à l'arc Corée du Sud
85%
Crosse Canada
82%
Hockey sur gazon Pays-Bas
63%
Rugby à 7 Fidji
62%
Gymnastique Union Soviétique
56%
Volleyball Union Soviétique
56%
Canoë-kayak Hongrie
54%
Pentathlon Hongrie
54%
Waterpolo Hongrie
54%
Baseball Cuba
48%
Aucun quiz correspondant
Distribution des résultats
% des personnes avec chaque résultat
Percentile par nombre de réponses
Votre historique - résultats
Vous n’avez pas pris ce quiz